Los Angeles Clippers: Top 10 All-Time Leaders - Statistics

General Stats
  • This quiz has been taken 600 times
    74 since last reset
  • The average score is 54 of 116
Answer Stats
Category # Player Amount % Correct
Points 7 Chris Paul 7,721
100%
Assists 1 Chris Paul 4,076
100%
Steals 2 Chris Paul 913
100%
Three Pointers Made 6 Chris Paul 628
100%
Triple-Doubles T7 Chris Paul 2
100%
Points 2 Blake Griffin 10,863
97%
Rebounds 4 Blake Griffin 4,686
97%
Assists 5 Blake Griffin 2,133
97%
Steals 7 Blake Griffin 484
97%
Points Per Game 6 Blake Griffin 21.6
97%
Games 7 Blake Griffin 504
97%
Triple-Doubles T2 Blake Griffin 7
97%
Points 6 Kawhi Leonard 8,296
97%
Steals T5 Kawhi Leonard 548
97%
Three Pointers Made 3 Kawhi Leonard 718
97%
Points Per Game 3 Kawhi Leonard 25.1
97%
Triple-Doubles T7 Kawhi Leonard 2
97%
Points 9 DeAndre Jordan 7,078
95%
Rebounds 1 DeAndre Jordan 7,988
95%
Steals 9 DeAndre Jordan 448
95%
Blocks 1 DeAndre Jordan 1,277
95%
Field Goal Percent 1 DeAndre Jordan 67.3%
95%
Games 1 DeAndre Jordan 750
95%
Rebounds 2 Ivica Zubac 4,771
86%
Blocks 6 Ivica Zubac 536
86%
Field Goal Percent 2 Ivica Zubac 62.7%
86%
Games 5 Ivica Zubac 513
86%
Triple-Doubles T9 Ivica Zubac 1
86%
Assists 6 James Harden 1,659
84%
Three Pointers Made 7 James Harden 556
84%
Points Per Game 7 James Harden 21.1
84%
Triple-Doubles 1 James Harden 8
84%
Points 3 Bob McAdoo 9,434
81%
Rebounds 6 Bob McAdoo 4,229
81%
Blocks 5 Bob McAdoo 614
81%
Points Per Game 2 Bob McAdoo 28.2
81%
Three Pointers Made 1 Paul George 820
81%
Points Per Game 5 Paul George 23.0
81%
Triple-Doubles T9 Paul George 1
81%
Blocks 9 Charles Smith 451
65%
Field Goal Percent 7 Derek Smith 54.0%
65%
Points 1 Randy Smith 12,735
65%
Rebounds 10 Randy Smith 2,985
65%
Assists 2 Randy Smith 3,498
65%
Steals 1 Randy Smith 1,072
65%
Games 2 Randy Smith 715
65%
Three Pointers Made 10 Lou Williams 447
62%
Triple-Doubles T9 Lou Williams 1
62%
Three Pointers Made 5 Jamal Crawford 662
59%
Three Pointers Made 4 J.J. Redick 674
59%
Triple-Doubles T9 Russell Westbrook 1
51%
Points 4 Elton Brand 9,336
43%
Rebounds 3 Elton Brand 4,710
43%
Steals 10 Elton Brand 438
43%
Blocks 3 Elton Brand 1,039
43%
Points Per Game 8 Elton Brand 20.3
43%
Games 9 Elton Brand 459
43%
Triple-Doubles T9 Elton Brand 1
43%
Assists 9 Mark Jackson 1,402
38%
Triple-Doubles 5 Mark Jackson 4
38%
Rebounds 8 Chris Kaman 4,109
35%
Blocks 4 Chris Kaman 707
35%
Games 8 Chris Kaman 493
35%
Points 5 Corey Maggette 8,835
32%
Games 6 Corey Maggette 512
32%
Three Pointers Made 8 Nicolas Batum 524
32%
Field Goal Percent 4 Montrezl Harrell 60.7%
30%
Assists 10 Baron Davis 1,398
24%
Triple-Doubles T9 Baron Davis 1
24%
Points 8 Danny Manning 7,120
24%
Steals T5 Danny Manning 548
24%
Points Per Game 10 Danny Manning 19.1
24%
Triple-Doubles T9 Danny Manning 1
24%
Triple-Doubles T9 Pooh Richardson 1
24%
Field Goal Percent 8 Bill Walton 53.2%
22%
Three Pointers Made 9 Norman Powell 473
22%
Triple-Doubles T2 Lamar Odom 7
19%
Blocks 7 Michael Olowokandi 527
14%
Points Per Game 4 Terry Cummings 23.3
14%
Triple-Doubles T9 Andre Miller 1
11%
Rebounds 9 Benoit Benjamin 3,538
11%
Blocks 2 Benoit Benjamin 1,117
11%
Triple-Doubles T9 Benoit Benjamin 1
11%
Points 10 Loy Vaught 6,614
11%
Rebounds 5 Loy Vaught 4,471
11%
Steals 8 Loy Vaught 468
11%
Games 4 Loy Vaught 558
11%
Assists 4 Norm Nixon 2,540
11%
Triple-Doubles T2 Bob Kauffman 7
8%
Assists 7 Ron Harper 1,463
8%
Steals 4 Ron Harper 606
8%
Points Per Game 9 Ron Harper 19.3
8%
Triple-Doubles 6 Ron Harper 3
8%
Rebounds 7 Swen Nater 4,168
8%
Field Goal Percent 6 Swen Nater 54.2%
8%
Triple-Doubles T9 Swen Nater 1
8%
Games 3 Eric Piatkowski 616
5%
Blocks 8 Gar Heard 477
5%
Triple-Doubles T9 Derek Anderson 1
3%
Assists 8 Ernie DiGregorio 1,457
3%
Assists 3 Gary Grant 2,810
3%
Steals 3 Gary Grant 747
3%
Games 10 Gary Grant 446
3%
Triple-Doubles T9 Gary Grant 1
3%
Triple-Doubles T9 Ken Norman 1
3%
Points Per Game 1 World B. Free 29.4
3%
Blocks 10 Bo Outlaw 421
0%
Field Goal Percent 5 Bo Outlaw 57.4%
0%
Field Goal Percent 10 Chris Wilcox 52.1%
0%
Three Pointers Made 2 Eric Piatkowski 738
0%
Field Goal Percent 3 James Donaldson 60.9%
0%
Triple-Doubles T9 Jeff McInnis 1
0%
Field Goal Percent 9 Jerome Whitehead 53.2%
0%
Triple-Doubles T9 John Shumate 1
0%
Triple-Doubles T9 Michael Brooks 1
0%
Triple-Doubles T9 Steve Blake 1
0%
No matching quizzes found
Score Distribution
Percent of People with Each Score
Percentile by Number Answered
Your Score History
You have not taken this quiz since the last reset